000 00680nam a22002537a 4500
003 UA-OsUOA
001 23061
007 ta
008 20040106b un ||||| |||| 00| 0 ukr d
090 _a294.118
_bУ66
942 _cBK
040 _aUA-OsUOA
_brus
_cUA-OsUOA
_dUA-OsUOA
245 _aУпанишады
_cПер. с санскрита А. Я.Сыркина
300 _a782 с.
955 _a0
041 _arus
080 _a294.118
020 _a5-02-018156-0
260 _aМосква
_bИздательская фирма "Восточная литература"
_c2000
044 _aRU
250 _n2-е изд. доп.
650 7 _2UDC
999 _c309300
_d309300